| 000 | 01311nam a2200241Ia 4500 | ||
|---|---|---|---|
| 003 | Ost | ||
| 005 | 20260507075802.0 | ||
| 008 | 260507s9999||||xx |||||||||||||| ||und|| | ||
| 020 | _a9789947829790 | ||
| 040 | _cfsecg | ||
| 041 | _aara | ||
| 082 | _a332.46 | ||
| 100 |
_aسعيدي، نعمان _eمؤلف |
||
| 245 | 0 |
_aالبعد الدولي للنظام النقدي برعاية صندوق النقد الدولي / _c نعمان سعيدي |
|
| 260 |
_aالجزائر: _bدار بلقيس, _c2011 |
||
| 300 |
_a286 صفحة؛ _bإيضاحات ؛ _c24 سم |
||
| 504 | _aبيبليوغرافيا: ص ص.276-279 | ||
| 520 | _aيضم النقود والنظام النقدي الدولي، مراحل تطور النظام النقدي الدولي، صندوق النقد الدولي، السيولة الدولية، النظام النقدي الأوروبي، الوحدة النقدية الأوروبية، سعر الصرف، سياسة تخفيض العملة، ميزان المدفوعات، تسعيرة الدينار الجزائري، علاقة الجزائر بصندوق النقد الدولي. | ||
| 653 | _aالنظام النقدي | ||
| 653 | _aالنظام النقدي الدولي | ||
| 700 |
_aقدي، عبد المجيد _eمؤلف ثانوي _912 |
||
| 942 | _cكتاب | ||
| 999 |
_c46291 _d46291 |
||